000 00922nam0a22002651 4500
001 rc\59635
005 20260406053026.0
035 _a(NLR Aleph) 005335842
090 _a6640583
_c6640583
100 _a20021216d1994 |||y0rusy50 ca
101 0 _arus
102 _aRU
105 _aa |||||||||
200 1 _aСамозванцы
_e(К истории появления слова)
_fМ-во просвещения Рос. Федерации. Оренб. гос. пед. ин-т
210 _aОренбург
_cБ. и.
_d1994
215 _a31 с.
_cил.
_d20
300 _aС автогр. авт.
320 _aБиблиогр.: с. 25-26
700 1 _8rus
_7ca
_aДорофеев
_bВ. В.
_cкраевед
_f1927-2012
_gВиктор Васильевич
_3RU\NLR\AUTH\777871
_9117797
801 0 _aRU
_bNLR
_gpsbo
801 1 _aRU
_bELAR
_2rusmarc
852 _aNLR
_j94-4/615
942 _cBOOK
980 _aNB